000 00613nam a2200193Ii 4500
003 JO-AjNU
008 230605s9999||||xx |||||||||||||| ||und||
040 _aJO-AjNU
_bara
_erda
_cJO-AjNU
041 _aara
050 1 4 _aPJ6576.S3 1964
100 3 _aالسامرائي، إبراهيم,
_eauthor
_936747
245 0 0 _aالأعلام العربية
264 3 1 _aبغداد: المكتبة الأهلية، 1964
300 _a94ص
336 _atext
_btxt
_2rdacontent
337 _aunmediated
_bn
_2rdamedia
338 _avolume
_bnc
_2rdacarrier
650 4 _aتراجم - الأعلام العربية
_936748
999 _aA15295
_c18863
_d18863